OPAC Home

Encyclopaedia of Religion and Ethics (Record no. 87245)

MARC details
000 -LEADER
fixed length control field 00433nam a2200169Ia 4500
003 - CONTROL NUMBER IDENTIFIER
control field LK-CoDNM
008 - FIXED-LENGTH DATA ELEMENTS--GENERAL INFORMATION
fixed length control field 010623t1910 xxu||||| |||| 00| 1 eng d
040 ## - CATALOGING SOURCE
Original cataloging agency LK-CoDNM
Modifying agency LK-CoDNM
Description conventions LK-CoDNM
041 ## - LANGUAGE CODE
Language code of text/sound track or separate title English
080 ## - UNIVERSAL DECIMAL CLASSIFICATION NUMBER
Universal Decimal Classification number 12 Q 3
942 ## - ADDED ENTRY ELEMENTS (KOHA)
Koha item type Books
100 ## - MAIN ENTRY--PERSONAL NAME
Personal name Hastings,James.
245 ## - TITLE STATEMENT
Title Encyclopaedia of Religion and Ethics
260 ## - PUBLICATION, DISTRIBUTION, ETC. (IMPRINT)
Name of publisher, distributor, etc. T T Clark
Place of publication, distribution, etc. Edinburgh
Date of publication, distribution, etc. 1910
300 ## - PHYSICAL DESCRIPTION
Other physical details xvi,901p., 28 cm
650 ## - SUBJECT ADDED ENTRY--TOPICAL TERM
Topical term or geographic name as entry element Burial-Confessions
Holdings
Withdrawn status Lost status Damaged status Not for loan Collection code Permanent Location Current Location Date acquired Full call number Barcode Koha item type
        Old Books Collection Library National Museum Colombo - Sri Lanka Library National Museum Colombo - Sri Lanka 2023-08-02 12 Q3 OB294 Books
Copyright © 2023 Department of National Museum, Colombo 07, Sri Lanka Funded by UNESCO IFAP UNESCO